Leading science and technology : india next? / (Record no. 151682)

MARC details
000 -LEADER
fixed length control field 00615nam a22001937a 4500
005 - DATE AND TIME OF LATEST TRANSACTION
control field 20180423142557.0
010 ## - LCCN (DPL NO)
LC control number ENG-122777
020 ## - INTERNATIONAL STANDARD BOOK NUMBER
International Standard Book Number 9789352805082
Terms of availability 595.00
035 ## - SYSTEM CONTROL NUMBER
System control number EN-106309
037 ## - SOURCE OF ACQUISITION
Source of stock number/acquisition DBAD/PUB
082 00 - DEWEY DECIMAL CLASSIFICATION NUMBER
Classification number 507.2054
100 ## - MAIN ENTRY--PERSONAL NAME
Personal name Aggarwal, Varun
245 10 - TITLE STATEMENT
Title Leading science and technology : india next? /
Statement of responsibility, etc by Varun Aggarwal
260 ## - PUBLICATION, DISTRIBUTION, ETC. (IMPRINT)
Place of publication, distribution, etc New Delhi
Name of publisher, distributor, etc SAGE Publications,
Date of publication, distribution, etc 2018
270 ## - ADDRESS
Address B1/I-1 Mohan Cooperative Industrial Area, Mathura Road
City New Delhi
Postal code 110044
300 ## - PHYSICAL DESCRIPTION
Extent 277p.
Dimensions 22 cm.(pbk)
500 ## - GENERAL NOTE
General note It include index
942 ## - ADDED ENTRY ELEMENTS (KOHA)
Source of classification or shelving scheme Dewey Decimal Classification
Item type English Books
Classification part 507.2054
Call number suffix AGG
Holdings
Withdrawn status Lost status Not for loan Collection code Home library Current library Date acquired Source of acquisition Cost, normal purchase price Full call number Barcode Copy number Cost, replacement price Koha item type
    Not For Loan Non-fiction D.B.Act.Division Sarojini Nagar 23/04/2018 DBAD/PUB 595.00 507.2054 AGG EN-106309 1 595.00 English Books

© Delhi Public Library
Hit Counter
free hit counter